| 000 | 00732 a2200229 4500 | ||
|---|---|---|---|
| 003 | UA-OsUOA | ||
| 005 | 20220202114455.0 | ||
| 008 | 220202b un ||||| |||| 00| 0 ukr d | ||
| 020 | _a9786175850428 | ||
| 040 |
_aUA-OsUOA _bukr _cUA-OsUOA _dUA-OsUOA |
||
| 041 | _aukr | ||
| 080 | _a821.161.2 | ||
| 090 |
_a821.161.2 _bП47 |
||
| 100 | _aПозаяк Ю. | ||
| 245 |
_aШедеври _bвибрані вірші _cЮрко Позаяк |
||
| 260 |
_aК. _bВІМА _c2013 |
||
| 300 | _a240 с. | ||
| 650 |
_2UDC _a821 Художня література |
||
| 942 |
_cBK _2udc |
||
| 955 | _a3 | ||
| 999 |
_c572128 _d572128 |
||